Top 15 der Ewigen Tabelle 2.Bundesliga - Sudden Death - Statistiken

Allgemein
  • Dieses Quiz wurde 1.023 mal gespielt
  • Das Durchschnittsergebnis liegt bei 3 aus 15
Answers on the Grid
Answers color-coded by a green-red scale on the quiz's grid according to % correct below.
SpVvg Fürth
FC St.Pauli
Hannover 96
Alemannia Aachen
Karlsruher SC
Fortuna Köln
SV Darmstadt
Stuttgarter Kickers
SC Freiburg
1.FC Nürnberg
VFL Osnabrück
Arminia Bielefeld
MSV Duisburg
Waldhof Mannheim
1860 München
SG Wattenscheid
Hamburger SV
1.FC Saarbrücken
Eintracht Braunschweig
FSV Mainz
Fortuna Düsseldorf
Hertha BSC
VFL Bochum
FC Homburg
RW Essen
SG Union Solingen
1.FC Kaiserslautern
1.FC Köln
FSV Frankfurt
Kickers Offenbach
 
Antwortstatistiken
Antwort % Korrekt
SpVvg Fürth
39%
FC St.Pauli
33%
1.FC Nürnberg
29%
Hannover 96
29%
Karlsruher SC
23%
Alemannia Aachen
22%
SV Darmstadt
18%
Arminia Bielefeld
17%
Fortuna Köln
15%
MSV Duisburg
14%
1860 München
13%
SC Freiburg
12%
Stuttgarter Kickers
10%
VFL Osnabrück
7%
Waldhof Mannheim
7%
Keine übereinstimmenden Quizze gefunden
Verteilung der Resultate
Anzahl Personen mit jedem Resultat
Perzentil nach korrekt beantworteten Fragen
Ihre Resultats-Entwicklung
Sie haben dieses Quiz noch nicht gespielt